Blair research institute annual report 1996: (Record no. 163435)
[ view plain ]
| 000 -LEADER | |
|---|---|
| fixed length control field | 00888nam a2200241 a 4500 |
| 008 - FIXED-LENGTH DATA ELEMENTS--GENERAL INFORMATION | |
| fixed length control field | |
| 049 ## - LOCAL HOLDINGS (OCLC) | |
| Holding library | MAIN |
| 090 ## - LOCALLY ASSIGNED LC-TYPE CALL NUMBER (OCLC); LOCAL CALL NUMBER (RLIN) | |
| Classification number (OCLC) (R) ; Classification number, CALL (RLIN) (NR) | H62 BLA |
| 003 - CONTROL NUMBER IDENTIFIER | |
| control field | |
| 005 - DATE AND TIME OF LATEST TRANSACTION | |
| control field | 20230123134309.0 |
| 040 ## - CATALOGING SOURCE | |
| Transcribing agency | NUST |
| 110 2# - MAIN ENTRY--CORPORATE NAME | |
| Corporate name or jurisdiction name as entry element | Blair Research Institute. |
| 245 00 - TITLE STATEMENT | |
| Title | Blair research institute annual report 1996: |
| Remainder of title | incorporating the Blair and de Beers research laboratories/ |
| Statement of responsibility, etc. | Blair Research Institute. |
| 246 ## - VARYING FORM OF TITLE | |
| Title proper/short title | Incorporating the Blair and De Beers research laboratories. |
| 260 ## - PUBLICATION, DISTRIBUTION, ETC. | |
| Place of publication, distribution, etc. | Harare : |
| Name of publisher, distributor, etc. | Blair Research Institute., |
| Date of publication, distribution, etc. | 1996. |
| 300 ## - PHYSICAL DESCRIPTION | |
| Extent | 220 p. : |
| Other physical details | col. ill. ; |
| Dimensions | 30 cm. |
| 580 ## - LINKING ENTRY COMPLEXITY NOTE | |
| Linking entry complexity note | Includes bibliographical references. |
| 650 #0 - SUBJECT ADDED ENTRY--TOPICAL TERM | |
| Topical term or geographic name entry element | Research programmes |
| Geographic subdivision | Zimbabwe. |
| 610 20 - SUBJECT ADDED ENTRY--CORPORATE NAME | |
| Corporate name or jurisdiction name as entry element | Blair and De Beers research laboratories. |
| 730 0# - ADDED ENTRY--UNIFORM TITLE | |
| Uniform title | Annual report (Blair Research Institute). |
| 907 ## - LOCAL DATA ELEMENT G, LDG (RLIN) | |
| a | .b10221359 |
| b | 04-01-07 |
| c | 29-11-06 |
| 942 ## - ADDED ENTRY ELEMENTS (KOHA) | |
| Koha item type | Ordinary Loan Books |
| Call number prefix | H62 BLA |
| Date last seen | Total Checkouts | Full call number | Barcode | Cost, replacement price | Price effective from | Koha item type | Lost status | Source of classification or shelving scheme | Damaged status | Not for loan | Collection | Withdrawn status | Home library | Current library | Shelving location | Date acquired | Cost, normal purchase price |
|---|---|---|---|---|---|---|---|---|---|---|---|---|---|---|---|---|---|
| 01/23/2023 | H62 BLA | 92003034099 | 80.00 | 01/23/2023 | BOOKS | LCC | NFIC | MAIN | MAIN | GEN | 01/23/2023 | 80.00 |